<?xml version="1.0" encoding="UTF-8"?>
<record
    xmlns:xsi="http://www.w3.org/2001/XMLSchema-instance"
    xsi:schemaLocation="http://www.loc.gov/MARC21/slim http://www.loc.gov/standards/marcxml/schema/MARC21slim.xsd"
    xmlns="http://www.loc.gov/MARC21/slim">

  <leader>00926nam a22002534a 4500</leader>
  <controlfield tag="005">20040707122103.0</controlfield>
  <controlfield tag="008">000731s2001    nyua     b    001 0 eng  </controlfield>
  <datafield tag="010" ind1=" " ind2=" ">
    <subfield code="a">ENG-92211</subfield>
  </datafield>
  <datafield tag="020" ind1=" " ind2=" ">
    <subfield code="a">8187134216</subfield>
    <subfield code="c">275.00</subfield>
  </datafield>
  <datafield tag="035" ind1=" " ind2=" ">
    <subfield code="a">EN-75744</subfield>
  </datafield>
  <datafield tag="037" ind1=" " ind2=" ">
    <subfield code="b">DBAD / PUB</subfield>
  </datafield>
  <datafield tag="040" ind1=" " ind2=" ">
    <subfield code="a">dpl</subfield>
    <subfield code="b">English </subfield>
  </datafield>
  <datafield tag="082" ind1=" " ind2=" ">
    <subfield code="a">531</subfield>
  </datafield>
  <datafield tag="100" ind1=" " ind2=" ">
    <subfield code="a">Gupta, A.B. </subfield>
  </datafield>
  <datafield tag="245" ind1=" " ind2=" ">
    <subfield code="a">Classical mechanics and properties of matter /</subfield>
    <subfield code="c">by A.B. Gupta </subfield>
  </datafield>
  <datafield tag="260" ind1=" " ind2=" ">
    <subfield code="a">Kolkata</subfield>
    <subfield code="b">Books And Allied </subfield>
    <subfield code="c">2007</subfield>
  </datafield>
  <datafield tag="270" ind1=" " ind2=" ">
    <subfield code="a">No.1-E(1), 'Shubham Plaza' (Ist Floor) 83/1, Beliaghata Main Road, </subfield>
    <subfield code="b">Kolkata</subfield>
    <subfield code="e">700010</subfield>
  </datafield>
  <datafield tag="300" ind1=" " ind2=" ">
    <subfield code="a">viii, 483, iip. </subfield>
    <subfield code="c">25 cm (pbk) </subfield>
  </datafield>
  <datafield tag="500" ind1=" " ind2=" ">
    <subfield code="a">Includes bibliographical references </subfield>
  </datafield>
  <datafield tag="650" ind1=" " ind2=" ">
    <subfield code="a">Mechanics, Analytic.</subfield>
  </datafield>
  <datafield tag="650" ind1=" " ind2=" ">
    <subfield code="a">Matter</subfield>
    <subfield code="x">Properties.</subfield>
  </datafield>
  <datafield tag="942" ind1=" " ind2=" ">
    <subfield code="2">ddc</subfield>
    <subfield code="c">EN</subfield>
    <subfield code="m">GUP</subfield>
    <subfield code="h">531</subfield>
  </datafield>
  <datafield tag="999" ind1=" " ind2=" ">
    <subfield code="c">19940</subfield>
    <subfield code="d">19940</subfield>
  </datafield>
  <datafield tag="952" ind1=" " ind2=" ">
    <subfield code="0">0</subfield>
    <subfield code="1">0</subfield>
    <subfield code="2">ddc</subfield>
    <subfield code="4">0</subfield>
    <subfield code="7">1</subfield>
    <subfield code="8">NFIC</subfield>
    <subfield code="a">DBAD</subfield>
    <subfield code="b">DBAD</subfield>
    <subfield code="d">2008-12-16</subfield>
    <subfield code="e">DBAD / PUB</subfield>
    <subfield code="g">275.00</subfield>
    <subfield code="l">0</subfield>
    <subfield code="o">531 GUP</subfield>
    <subfield code="p">EN-75744</subfield>
    <subfield code="r">2008-12-16 00:00:00</subfield>
    <subfield code="t">1</subfield>
    <subfield code="v">275.00</subfield>
    <subfield code="w">2008-12-16</subfield>
    <subfield code="y">EN</subfield>
  </datafield>
</record>
